Strategic management of technology and innovation / (Record no. 211072)
[ view plain ]
| 000 -LEADER | |
|---|---|
| fixed length control field | 00945nam a2200253Ia 4500 |
| 005 - DATE AND TIME OF LATEST TRANSACTION | |
| control field | 20220511152045.0 |
| 008 - FIXED-LENGTH DATA ELEMENTS--GENERAL INFORMATION | |
| fixed length control field | 210716s2011 xx 000 0 und d |
| 020 ## - INTERNATIONAL STANDARD BOOK NUMBER | |
| International Standard Book Number | 9780070683419 |
| 040 ## - CATALOGING SOURCE | |
| Transcribing agency | AIMIT LIBRARY |
| 041 ## - LANGUAGE CODE | |
| Language code of text/sound track or separate title | eng |
| 082 ## - DEWEY DECIMAL CLASSIFICATION NUMBER | |
| Classification number | 658.4012 |
| Edition number | 4 |
| Item number | BURR |
| 100 ## - MAIN ENTRY--PERSONAL NAME | |
| Personal name | Burgelman, Robert A. |
| 9 (RLIN) | 36132 |
| 245 ## - TITLE STATEMENT | |
| Title | Strategic management of technology and innovation / |
| Statement of responsibility, etc. | By Robert A.Burgelman, Clayton M. Christensen and Steven C. Wheelwright |
| 250 ## - EDITION STATEMENT | |
| Edition statement | 4th ed. |
| 260 ## - PUBLICATION, DISTRIBUTION, ETC. | |
| Place of publication, distribution, etc. | New Delhi : |
| Name of publisher, distributor, etc. | Tata McGraw Hill Publishing Company Ltd , |
| Date of publication, distribution, etc. | 2011. |
| 300 ## - PHYSICAL DESCRIPTION | |
| Extent | xiv, 1208p. |
| Dimensions | 24 cm. |
| 650 ## - SUBJECT ADDED ENTRY--TOPICAL TERM | |
| Topical term or geographic name entry element | Strategic Management |
| 9 (RLIN) | 36133 |
| 650 ## - SUBJECT ADDED ENTRY--TOPICAL TERM | |
| Topical term or geographic name entry element | Integrating Technology and Strategy |
| 9 (RLIN) | 36134 |
| 650 ## - SUBJECT ADDED ENTRY--TOPICAL TERM | |
| Topical term or geographic name entry element | Design and Implementation of Technology Strategy |
| 9 (RLIN) | 36135 |
| 650 ## - SUBJECT ADDED ENTRY--TOPICAL TERM | |
| Topical term or geographic name entry element | Enactment of Technology Strategy |
| 9 (RLIN) | 36136 |
| 700 ## - ADDED ENTRY--PERSONAL NAME | |
| Personal name | Christensen, Clayton M. |
| 9 (RLIN) | 36137 |
| 700 ## - ADDED ENTRY--PERSONAL NAME | |
| Personal name | Wheelwright, Steven C. |
| 9 (RLIN) | 36138 |
| 942 ## - ADDED ENTRY ELEMENTS (KOHA) | |
| Source of classification or shelving scheme | Dewey Decimal Classification |
| Koha item type | Book |
| Edition | 4th |
| Call number prefix | 658.4012 BURR |
| Withdrawn status | Lost status | Source of classification or shelving scheme | Damaged status | Not for loan | Collection code | Home library | Current library | Date acquired | Cost, normal purchase price | Inventory number | Total Checkouts | Full call number | Barcode | Date last seen | Cost, replacement price | Price effective from | Koha item type |
|---|---|---|---|---|---|---|---|---|---|---|---|---|---|---|---|---|---|
| Dewey Decimal Classification | MBA | St Aloysius Institute of Management & Information Technology | St Aloysius Institute of Management & Information Technology | 02/17/2012 | 575.00 | Bill no:1756; Bill dt:2012-02-14 | 658.4012 BURR | MBA09654 | 05/23/2026 | 431.25 | 07/16/2021 | Book | |||||
| Dewey Decimal Classification | MBA | St Aloysius Institute of Management & Information Technology | St Aloysius Institute of Management & Information Technology | 02/06/2014 | 825.00 | Bill no:1304; Bill dt:2014-02-03 | 658.4012 BURR | MBA11014 | 05/23/2026 | 618.75 | 07/16/2021 | Book | |||||
| Dewey Decimal Classification | MBA | St Aloysius Institute of Management & Information Technology | St Aloysius Institute of Management & Information Technology | 03/12/2019 | 1055.00 | Bill no:5381; Bill dt:2019-03-11 | 658.4012 BURR | MBA13640 | 05/23/2026 | 844.00 | 07/16/2021 | Book |